[Event "M?R 2020 v rapid ?achu druzstev"]
[Site "Turnov"]
[Date "2020.09.13"]
[Round "4.1"]
[White "Vykouk TUR_A, Jan"]
[Black "Cech TUR_B, Pavel"]
[Result "1/2-1/2"]
[BlackElo "2406"]
[WhiteElo "2444"]
[LiveChessVersion "1.4.8"]

1. e4 {[%clk 0:15:06]} e6 {[%clk 0:15:09]} 2. d4 {[%clk 0:15:08]} d5
{[%clk 0:15:12]} 3. Nd2 {[%clk 0:15:03]} Nf6 {[%clk 0:15:15]} 4. e5
{[%clk 0:15:02]} Nfd7 {[%clk 0:15:17]} 5. Bd3 {[%clk 0:15:02]} c5
{[%clk 0:15:20]} 6. c3 {[%clk 0:15:05]} Nc6 {[%clk 0:15:23]} 7. Ne2
{[%clk 0:15:08]} cxd4 {[%clk 0:15:25]} 8. cxd4 {[%clk 0:15:12]} f6
{[%clk 0:15:29]} 9. exf6 {[%clk 0:15:15]} Nxf6 {[%clk 0:15:32]} 10. Nf3
{[%clk 0:15:17]} Bd6 {[%clk 0:15:34]} 11. O-O {[%clk 0:15:18]} Qc7
{[%clk 0:15:37]} 12. h3 {[%clk 0:15:02]} O-O {[%clk 0:15:39]} 13. Be3
{[%clk 0:15:04]} e5 {[%clk 0:15:30]} 14. dxe5 {[%clk 0:15:04]} Nxe5
{[%clk 0:15:34]} 15. Nxe5 {[%clk 0:15:03]} Bxe5 {[%clk 0:15:37]} 16. Bd4
{[%clk 0:15:07]} Bd7 {[%clk 0:14:17]} 17. Rc1 {[%clk 0:15:03]} Bc6
{[%clk 0:14:13]} 18. b4 {[%clk 0:14:50]} Bxd4 {[%clk 0:13:30]} 19. Nxd4
{[%clk 0:14:52]} Qd6 {[%clk 0:13:30]} 20. a3 {[%clk 0:14:47]} a5 {[%clk 0:13:03]}
21. Re1 {[%clk 0:14:26]} Bd7 {[%clk 0:10:46]} 22. Bf5 {[%clk 0:11:00]} axb4
{[%clk 0:10:16]} 23. Bxd7 Qxd7 {[%clk 0:09:48]} 24. Ne6 {[%clk 0:11:04]} Rfc8
{[%clk 0:09:05]} 25. Rxc8+ {[%clk 0:08:49]} Rxc8 {[%clk 0:09:08]} 26. axb4
{[%clk 0:08:52]} Re8 {[%clk 0:08:45]} 27. Nc5 {[%clk 0:08:54]} Rxe1+
{[%clk 0:08:40]} 28. Qxe1 {[%clk 0:08:57]} Qc7 {[%clk 0:07:30]} 29. Qe6+
{[%clk 0:08:22]} Kh8 {[%clk 0:07:14]} 30. g3 {[%clk 0:07:17]} h6 {[%clk 0:07:18]}
31. Nd3 {[%clk 0:06:08]} Qc3 {[%clk 0:05:54]} 32. Qf5 {[%clk 0:04:58]} Qc2
{[%clk 0:05:10]} 33. g4 {[%clk 0:04:14]} Qb1+ {[%clk 0:04:57]} 34. Kg2
{[%clk 0:04:17]} Qc2 {[%clk 0:05:01]} 35. h4 {[%clk 0:03:38]} Qe2
{[%clk 0:05:01]} 36. g5 {[%clk 0:03:34]} hxg5 {[%clk 0:05:02]} 37. hxg5
{[%clk 0:03:38]} Qe4+ {[%clk 0:05:01]} 38. Qxe4 {[%clk 0:03:41]} Nxe4
{[%clk 0:05:04]} 39. f4 {[%clk 0:03:43]} Kg8 {[%clk 0:04:52]} 40. Kf3
{[%clk 0:03:44]} Nd6 {[%clk 0:04:54]} 41. Ne5 {[%clk 0:03:31]} Kf8
{[%clk 0:04:32]} 42. Kg4 {[%clk 0:03:31]} Ke7 {[%clk 0:04:16]} 43. f5
{[%clk 0:03:31]} Nc4 {[%clk 0:04:19]} 44. Nd3 {[%clk 0:03:22]} Kd6
{[%clk 0:04:13]} 45. Kf4 {[%clk 0:03:25]} b6 {[%clk 0:03:46]} 46. g6
{[%clk 0:02:16]} Ke7 {[%clk 0:03:33]} 47. Ne5 {[%clk 0:02:07]} Kf6
{[%clk 0:03:37]} 48. Ng4+ {[%clk 0:01:58]} Ke7 {[%clk 0:03:41]} 49. Kg5
{[%clk 0:01:01]} Nd6 {[%clk 0:02:50]} 50. f6+ {[%clk 0:00:30]} Kf8
{[%clk 0:01:56]} 51. f7 {[%clk 0:00:14]} Nxf7+ {[%clk 0:02:00]} 52. gxf7
{[%clk 0:00:18]} Kxf7 {[%clk 0:02:04]} 53. Kf5 {[%clk 0:00:21]} d4
{[%clk 0:02:06]} 54. Ke4 {[%clk 0:00:25]} Ke6 {[%clk 0:02:10]} 55. Kxd4
{[%clk 0:00:23]} Kf5 {[%clk 0:02:10]} 56. Ne5 {[%clk 0:00:16]} g5
{[%clk 0:02:13]} 57. Kd5 {[%clk 0:00:10]} Kf4 {[%clk 0:02:10]} 58. b5
{[%clk 0:00:11]} Kf5 {[%clk 0:02:11]} 59. Kd4 {[%clk 0:00:12]} Kf4
{[%clk 0:02:15]} 60. Nd3+ {[%clk 0:00:09]} Kf3 {[%clk 0:02:18]} 61. Kd5
{[%clk 0:00:09]} Ke3 {[%clk 0:02:22]} 62. Ne5 {[%clk 0:00:11]} Kf4
{[%clk 0:02:27]} 63. Ng6+ {[%clk 0:00:11]} Kf5 {[%clk 0:02:28]} 64. Ne5
{[%clk 0:00:09]} Kf4 {[%clk 0:02:33]} 65. Kd4 {[%clk 0:00:09]} Kf5
{[%clk 0:02:35]} 66. Nf3 {[%clk 0:00:07]} g4 {[%clk 0:02:39]} 67. Ng1
{[%clk 0:00:07]} Kf4 {[%clk 0:02:21]} 68. Kd5 {[%clk 0:00:11]} Ke3
{[%clk 0:02:25]} 69. Kc6 {[%clk 0:00:07]} Kf2 {[%clk 0:02:29]} 70. Kxb6
{[%clk 0:00:10]} Kxg1 {[%clk 0:02:33]} 71. Kc6 {[%clk 0:00:14]} Kf1
{[%clk 0:02:33]} 72. b6 {[%clk 0:00:18]} g3 {[%clk 0:02:36]} 73. b7
{[%clk 0:00:22]} g2 {[%clk 0:02:40]} 74. b8=Q 1/2-1/2

[Event "M?R 2020 v rapid ?achu druzstev"]
[Site "Turnov"]
[Date "2020.09.13"]
[Round "4.2"]
[White "Sodoma TUR_B, Jan"]
[Black "Simacek TUR_A, Pavel"]
[Result "0-1"]
[BlackElo "2400"]
[WhiteElo "2324"]
[LiveChessVersion "1.4.8"]

1. Nf3 {[%clk 0:15:08]} d6 {[%clk 0:14:50]} 2. e4 {[%clk 0:15:08]} c5
{[%clk 0:14:40]} 3. d4 {[%clk 0:15:09]} cxd4 {[%clk 0:14:43]} 4. Nxd4
{[%clk 0:15:12]} Nf6 {[%clk 0:14:47]} 5. Nc3 {[%clk 0:15:14]} a6 {[%clk 0:14:49]}
6. g3 {[%clk 0:15:12]} Nc6 {[%clk 0:13:40]} 7. Bg2 {[%clk 0:15:14]} Bd7
{[%clk 0:13:34]} 8. O-O {[%clk 0:15:14]} g6 {[%clk 0:13:38]} 9. Nd5
{[%clk 0:13:55]} Bg7 {[%clk 0:13:13]} 10. Bg5 {[%clk 0:13:24]} Nxd4
{[%clk 0:06:16]} 11. Nxf6+ {[%clk 0:10:27]} exf6 {[%clk 0:06:19]} 12. Qxd4
{[%clk 0:10:30]} O-O {[%clk 0:06:22]} 13. Bf4 {[%clk 0:10:34]} f5
{[%clk 0:06:15]} 14. Qxd6 {[%clk 0:10:35]} Bb5 {[%clk 0:05:18]} 15. Rfd1
{[%clk 0:10:03]} Bxb2 {[%clk 0:03:46]} 16. Rab1 {[%clk 0:09:55]} Bg7
{[%clk 0:03:02]} 17. exf5 {[%clk 0:09:51]} Qc8 {[%clk 0:02:23]} 18. f6
{[%clk 0:08:42]} Bh8 {[%clk 0:02:17]} 19. a4 {[%clk 0:07:20]} Bc6
{[%clk 0:00:51]} 20. Bxc6 {[%clk 0:06:48]} bxc6 {[%clk 0:00:40]} 21. Rb6
{[%clk 0:06:25]} c5 {[%clk 0:00:44]} 22. c4 {[%clk 0:05:50]} Qf5 {[%clk 0:00:28]}
23. Qd5 {[%clk 0:04:33]} Qc2 {[%clk 0:00:31]} 24. a5 {[%clk 0:04:18]} Qc3
{[%clk 0:00:35]} 25. Be5 {[%clk 0:03:31]} Qxa5 {[%clk 0:00:31]} 26. Rd6
{[%clk 0:03:20]} Rac8 {[%clk 0:00:08]} 27. Rd7 {[%clk 0:03:11]} Qb6
{[%clk 0:00:10]} 28. Rd6 {[%clk 0:03:00]} Qa7 {[%clk 0:00:14]} 29. g4
{[%clk 0:03:04]} h6 {[%clk 0:00:08]} 30. h4 {[%clk 0:03:07]} Qa8 {[%clk 0:00:08]}
31. g5 {[%clk 0:02:34]} Rfe8 {[%clk 0:00:08]} 32. f4 {[%clk 0:02:10]} a5
{[%clk 0:00:11]} 33. Rd7 {[%clk 0:02:08]} Rf8 {[%clk 0:00:07]} 34. Qxa8 Rxa8
{[%clk 0:00:11]} 35. Ra1 {[%clk 0:01:27]} a4 {[%clk 0:00:07]} 36. Rc7
{[%clk 0:01:25]} Ra5 {[%clk 0:00:11]} 37. Bd6 {[%clk 0:01:24]} Rd8
{[%clk 0:00:13]} 38. Rxc5 {[%clk 0:01:17]} Ra6 {[%clk 0:00:16]} 39. Be7
{[%clk 0:01:18]} Rd2 {[%clk 0:00:19]} 40. Rc8+ {[%clk 0:00:54]} Kh7
{[%clk 0:00:23]} 41. Rd8 {[%clk 0:00:48]} Rc2 {[%clk 0:00:23]} 42. Rd6
{[%clk 0:00:44]} Ra8 {[%clk 0:00:17]} 43. Rd4 {[%clk 0:00:43]} Ra6
{[%clk 0:00:15]} 44. Re4 {[%clk 0:00:38]} Ra8 {[%clk 0:00:18]} 45. Kf1
{[%clk 0:00:41]} Rh2 {[%clk 0:00:18]} 46. Ra3 {[%clk 0:00:39]} Rxh4
{[%clk 0:00:19]} 47. Re5 {[%clk 0:00:25]} Rxf4+ {[%clk 0:00:21]} 48. Ke2
{[%clk 0:00:30]} Rxc4 {[%clk 0:00:21]} 49. Rh3 {[%clk 0:00:29]} h5
{[%clk 0:00:25]} 50. Ree3 {[%clk 0:00:28]} Rg4 {[%clk 0:00:24]} 51. Rhg3
{[%clk 0:00:30]} Rc4 {[%clk 0:00:24]} 52. Ra3 {[%clk 0:00:33]} Rac8
{[%clk 0:00:27]} 53. Kf3 {[%clk 0:00:33]} Rd4 {[%clk 0:00:23]} 54. Ke3
{[%clk 0:00:34]} Rcc4 {[%clk 0:00:25]} 55. Ke2 {[%clk 0:00:38]} Rg4
{[%clk 0:00:24]} 56. Bd6 {[%clk 0:00:36]} Rxg3 {[%clk 0:00:24]} 57. Rxg3
{[%clk 0:00:40]} Re4+ {[%clk 0:00:21]} 58. Kf2 {[%clk 0:00:31]} Re6
{[%clk 0:00:19]} 59. Bf4 {[%clk 0:00:32]} Bxf6 {[%clk 0:00:19]} 60. gxf6
{[%clk 0:00:35]} Rxf6 {[%clk 0:00:23]} 61. Ke3 {[%clk 0:00:39]} a3
{[%clk 0:00:24]} 62. Ke4 {[%clk 0:00:38]} Ra6 {[%clk 0:00:23]} 63. Be5
{[%clk 0:00:41]} a2 {[%clk 0:00:26]} 64. Rg1 {[%clk 0:00:45]} Ra4+
{[%clk 0:00:27]} 65. Kf3 {[%clk 0:00:48]} Kh6 {[%clk 0:00:22]} 66. Bf6
{[%clk 0:00:48]} Ra6 {[%clk 0:00:23]} 67. Bd4 {[%clk 0:00:48]} f6
{[%clk 0:00:26]} 68. Kf4 {[%clk 0:00:44]} Ra4 {[%clk 0:00:22]} 69. Ke3
{[%clk 0:00:47]} Ra6 {[%clk 0:00:17]} 70. Kf4 {[%clk 0:00:50]} Kg7
{[%clk 0:00:17]} 71. Ke4 {[%clk 0:00:54]} Kf7 {[%clk 0:00:19]} 72. Kd5
{[%clk 0:00:54]} Ra5+ {[%clk 0:00:22]} 73. Ke4 {[%clk 0:00:58]} Ra4
{[%clk 0:00:19]} 74. Rf1 {[%clk 0:00:58]} Ke7 {[%clk 0:00:20]} 75. Kd5
{[%clk 0:01:00]} Ra6 {[%clk 0:00:19]} 76. Rc1 {[%clk 0:00:56]} Ra5+
{[%clk 0:00:18]} 77. Ke4 {[%clk 0:00:59]} Ra6 {[%clk 0:00:11]} 78. Rg1
{[%clk 0:00:52]} g5 {[%clk 0:00:06]} 79. Kf5 {[%clk 0:00:54]} Kf7
{[%clk 0:00:09]} 80. Bc3 {[%clk 0:00:41]} Rc6 {[%clk 0:00:13]} 81. Bd4
{[%clk 0:00:40]} Rd6 {[%clk 0:00:17]} 82. Bc3 {[%clk 0:00:42]} Rd5+
{[%clk 0:00:21]} 83. Ke4 {[%clk 0:00:46]} Rc5 {[%clk 0:00:24]} 84. Bd4
{[%clk 0:00:48]} Ra5 {[%clk 0:00:18]} 85. Rf1 {[%clk 0:00:50]} Ra6
{[%clk 0:00:19]} 86. Kf5 {[%clk 0:00:52]} h4 {[%clk 0:00:20]} 87. Rc1
{[%clk 0:00:53]} Ra5+ {[%clk 0:00:23]} 88. Ke4 {[%clk 0:00:53]} f5+
{[%clk 0:00:25]} 89. Ke3 {[%clk 0:00:53]} Ra3+ {[%clk 0:00:27]} 90. Kf2
{[%clk 0:00:58]} Kg6 {[%clk 0:00:31]} 91. Bc5 {[%clk 0:00:57]} Rc3
{[%clk 0:00:27]} 0-1

[Event "M?R 2020 v rapid ?achu druzstev"]
[Site "Turnov"]
[Date "2020.09.13"]
[Round "4.3"]
[White "Kraus TUR_A, Tomas"]
[Black "Liska TUR_B, Jiri"]
[Result "1/2-1/2"]
[BlackElo "2224"]
[WhiteElo "2391"]
[LiveChessVersion "1.4.8"]

1. c4 {[%clk 0:15:09]} Nf6 {[%clk 0:15:06]} 2. Nc3 {[%clk 0:15:11]} d5
{[%clk 0:15:07]} 3. d4 {[%clk 0:14:28]} g6 {[%clk 0:15:03]} 4. cxd5
{[%clk 0:14:27]} Nxd5 {[%clk 0:15:05]} 5. Bd2 {[%clk 0:14:27]} c6
{[%clk 0:14:21]} 6. e4 {[%clk 0:14:14]} Nb6 {[%clk 0:14:22]} 7. Be3
{[%clk 0:14:09]} Bg7 {[%clk 0:14:26]} 8. Be2 {[%clk 0:13:38]} O-O
{[%clk 0:14:20]} 9. h3 {[%clk 0:12:56]} e5 {[%clk 0:12:19]} 10. Nf3
{[%clk 0:10:50]} N8d7 {[%clk 0:10:35]} 11. O-O {[%clk 0:10:37]} exd4
{[%clk 0:09:47]} 12. Bxd4 {[%clk 0:10:24]} Nf6 {[%clk 0:09:39]} 13. Qc2
{[%clk 0:09:23]} Qe7 {[%clk 0:08:37]} 14. Rad1 {[%clk 0:09:00]} Re8
{[%clk 0:08:28]} 15. Rfe1 {[%clk 0:08:23]} h6 {[%clk 0:07:51]} 16. Bf1
{[%clk 0:08:09]} Be6 {[%clk 0:07:45]} 17. b3 {[%clk 0:07:45]} Nbd7
{[%clk 0:05:48]} 18. Qc1 {[%clk 0:06:29]} Qb4 {[%clk 0:05:14]} 19. e5
{[%clk 0:05:21]} Nd5 {[%clk 0:04:35]} 20. Ne4 {[%clk 0:05:24]} Rad8
{[%clk 0:03:18]} 21. Nd6 {[%clk 0:03:54]} Re7 {[%clk 0:03:13]} 22. Re4
{[%clk 0:02:20]} c5 {[%clk 0:01:50]} 23. Be3 {[%clk 0:01:29]} Qc3
{[%clk 0:01:23]} 24. Nxb7 {[%clk 0:01:01]} Rb8 {[%clk 0:00:53]} 25. Nxc5
{[%clk 0:00:30]} Nxc5 {[%clk 0:00:28]} 26. Bxc5 {[%clk 0:00:32]} Rc8
{[%clk 0:00:12]} 27. Bxe7 {[%clk 0:00:16]} Qxc1 {[%clk 0:00:15]} 28. Rxc1
{[%clk 0:00:21]} Rxc1 {[%clk 0:00:18]} 29. Bd6 {[%clk 0:00:16]} Nc3
{[%clk 0:00:15]} 30. Re1 {[%clk 0:00:15]} Nxa2 {[%clk 0:00:12]} 31. Rxc1
{[%clk 0:00:13]} Nxc1 {[%clk 0:00:16]} 32. b4 {[%clk 0:00:17]} Na2
{[%clk 0:00:10]} 33. Nd4 {[%clk 0:00:14]} Bd5 {[%clk 0:00:08]} 34. Nb5
{[%clk 0:00:14]} Bf8 {[%clk 0:00:10]} 35. Nc7 {[%clk 0:00:15]} Bb7
{[%clk 0:00:09]} 36. Bc4 {[%clk 0:00:11]} Nxb4 {[%clk 0:00:11]} 37. Ne8
{[%clk 0:00:07]} Bc6 {[%clk 0:00:07]} 38. Nf6+ {[%clk 0:00:08]} Kg7
{[%clk 0:00:11]} 39. Bxf8+ {[%clk 0:00:09]} Kxf8 {[%clk 0:00:13]} 40. Bb3
{[%clk 0:00:08]} a5 {[%clk 0:00:08]} 41. f3 {[%clk 0:00:09]} a4 {[%clk 0:00:11]}
42. Bc4 {[%clk 0:00:13]} a3 {[%clk 0:00:13]} 43. e6 {[%clk 0:00:13]} fxe6
{[%clk 0:00:11]} 44. Bxe6 {[%clk 0:00:17]} a2 {[%clk 0:00:12]} 45. Bxa2
{[%clk 0:00:20]} Nxa2 {[%clk 0:00:16]} 46. Ng4 {[%clk 0:00:24]} Kg7
{[%clk 0:00:17]} 47. Ne5 {[%clk 0:00:25]} Bd5 {[%clk 0:00:21]} 48. Kf2
{[%clk 0:00:27]} Nb4 {[%clk 0:00:22]} 49. g4 {[%clk 0:00:28]} Nc6
{[%clk 0:00:22]} 50. Nd3 {[%clk 0:00:29]} Kf6 {[%clk 0:00:20]} 51. f4
{[%clk 0:00:31]} Bf7 {[%clk 0:00:14]} 52. h4 {[%clk 0:00:30]} Nd4
{[%clk 0:00:13]} 53. g5+ {[%clk 0:00:31]} hxg5 {[%clk 0:00:13]} 54. hxg5+
{[%clk 0:00:35]} Kf5 {[%clk 0:00:16]} 55. Ne5 {[%clk 0:00:38]} Be8
{[%clk 0:00:19]} 56. Nxg6 {[%clk 0:00:14]} Bxg6 {[%clk 0:00:22]} 57. Ke3
{[%clk 0:00:18]} Ne6 {[%clk 0:00:25]} 58. Kf3 {[%clk 0:00:21]} Nxf4
{[%clk 0:00:28]} 59. Ke3 {[%clk 0:00:26]} Kxg5 {[%clk 0:00:30]} 60. Kd4
{[%clk 0:00:30]} Kf5 {[%clk 0:00:32]} 61. Kc5 {[%clk 0:00:28]} Ke5
{[%clk 0:00:36]} 62. Kc4 {[%clk 0:00:30]} Be4 {[%clk 0:00:35]} 63. Kc5
{[%clk 0:00:32]} Ne6+ {[%clk 0:00:37]} 64. Kc4 {[%clk 0:00:36]} Kd6
{[%clk 0:00:40]} 65. Kb4 {[%clk 0:00:39]} Kd5 {[%clk 0:00:40]} 66. Kc3
{[%clk 0:00:43]} Kc5 {[%clk 0:00:43]} 67. Kb3 {[%clk 0:00:45]} Nd4+
{[%clk 0:00:46]} 68. Kc3 {[%clk 0:00:49]} Nb5+ {[%clk 0:00:50]} 69. Kb3
{[%clk 0:00:50]} Bd5+ {[%clk 0:00:53]} 70. Kc2 {[%clk 0:00:55]} Kd4
{[%clk 0:00:54]} 71. Kd2 {[%clk 0:00:57]} Bb3 {[%clk 0:00:45]} 72. Ke2
{[%clk 0:00:51]} Nc3+ {[%clk 0:00:47]} 73. Kf3 {[%clk 0:00:55]} Nd5
{[%clk 0:00:49]} 74. Kg4 {[%clk 0:00:58]} Bc2 {[%clk 0:00:51]} 75. Kg5
{[%clk 0:00:44]} Ke5 {[%clk 0:00:54]} 76. Kg4 {[%clk 0:00:42]} Be4
{[%clk 0:00:47]} 77. Kg5 {[%clk 0:00:44]} Bf5 {[%clk 0:00:50]} 78. Kh6
{[%clk 0:00:40]} Kf6 {[%clk 0:00:51]} 79. Kh5 {[%clk 0:00:44]} Nc3
{[%clk 0:00:39]} 80. Kh4 {[%clk 0:00:36]} Ne4 {[%clk 0:00:43]} 81. Kh5
{[%clk 0:00:40]} Bg6+ {[%clk 0:00:16]} 82. Kg4 {[%clk 0:00:41]} Ke5
{[%clk 0:00:20]} 83. Kf3 {[%clk 0:00:45]} Kd4 {[%clk 0:00:15]} 84. Kf4
{[%clk 0:00:50]} Kd5 {[%clk 0:00:15]} 85. Ke3 {[%clk 0:00:53]} Nf6
{[%clk 0:00:15]} 86. Kf4 {[%clk 0:00:55]} Nh7 {[%clk 0:00:19]} 87. Ke3
{[%clk 0:00:57]} Kc4 {[%clk 0:00:22]} 88. Kf4 {[%clk 0:00:45]} Kd4
{[%clk 0:00:26]} 89. Kf3 {[%clk 0:00:50]} Nf8 {[%clk 0:00:27]} 90. Kf4
{[%clk 0:00:51]} Ne6+ 91. Kf3 Kd3 {[%clk 0:00:35]} 92. Kg4 {[%clk 0:00:54]} Ke4
{[%clk 0:00:35]} 93. Kg3 {[%clk 0:00:58]} Nd4 {[%clk 0:00:31]} 94. Kg4
{[%clk 0:00:56]} Nf3 {[%clk 0:00:34]} 95. Kg3 {[%clk 0:01:01]} Bf5
{[%clk 0:00:28]} 96. Kf2 {[%clk 0:01:05]} Nd4 {[%clk 0:00:27]} 97. Kg3
{[%clk 0:01:01]} Bg6 {[%clk 0:00:28]} 98. Kg4 {[%clk 0:01:00]} Ne6 99. Kg3 Bf5
{[%clk 0:00:34]} 100. Kf2 {[%clk 0:01:07]} Kd4 {[%clk 0:00:21]} 101. Kf3
{[%clk 0:01:08]} Kd3 {[%clk 0:00:23]} 102. Kf2 {[%clk 0:01:06]} Nf4
{[%clk 0:00:24]} 103. Kg3 {[%clk 0:01:07]} Ng6 {[%clk 0:00:27]} 104. Kf3
{[%clk 0:01:10]} Kd2 {[%clk 0:00:29]} 105. Kf2 {[%clk 0:01:10]} Be4
{[%clk 0:00:19]} 106. Kg3 {[%clk 0:01:15]} Bf5 {[%clk 0:00:20]} 107. Kf2
{[%clk 0:01:17]} Kd3 {[%clk 0:00:22]} 108. Kf3 {[%clk 0:01:21]} Kd4
{[%clk 0:00:24]} 109. Kf2 {[%clk 0:01:22]} Bg4 {[%clk 0:00:27]} 110. Kg3
{[%clk 0:01:24]} Bd1 {[%clk 0:00:31]} 111. Kf2 {[%clk 0:01:27]} Kd3
{[%clk 0:00:33]} 112. Kg3 {[%clk 0:01:27]} Ke3 {[%clk 0:00:37]} 113. Kg2
{[%clk 0:01:28]} Bf3+ {[%clk 0:00:37]} 114. Kg3 {[%clk 0:01:31]} Ke2
{[%clk 0:00:38]} 115. Kh2 {[%clk 0:01:28]} Kf2 {[%clk 0:00:34]} 116. Kh3
{[%clk 0:01:33]} Bh5 {[%clk 0:00:36]} 117. Kh2 {[%clk 0:01:34]} Nf4
{[%clk 0:00:40]} 118. Kh1 {[%clk 0:01:33]} Bg4 {[%clk 0:00:43]} 119. Kh2
{[%clk 0:01:35]} Nh5 {[%clk 0:00:41]} 120. Kh1 {[%clk 0:01:36]} Ng3+
{[%clk 0:00:45]} 121. Kh2 {[%clk 0:01:35]} Nf1+ {[%clk 0:00:48]} 1/2-1/2

[Event "M?R 2020 v rapid ?achu druzstev"]
[Site "Turnov"]
[Date "2020.09.13"]
[Round "4.4"]
[White "Kucera TUR_B, Petr"]
[Black "Studnicka TUR_A, Tomas"]
[Result "1/2-1/2"]
[BlackElo "2336"]
[WhiteElo "2271"]
[LiveChessVersion "1.4.8"]

1. d4 {[%clk 0:15:05]} Nf6 {[%clk 0:15:09]} 2. Bf4 {[%clk 0:15:04]} d5
{[%clk 0:14:06]} 3. e3 {[%clk 0:14:57]} c5 {[%clk 0:14:09]} 4. dxc5
{[%clk 0:14:20]} Nc6 {[%clk 0:14:12]} 5. Bb5 {[%clk 0:14:07]} e6 {[%clk 0:12:54]}
6. b4 {[%clk 0:13:57]} a5 {[%clk 0:12:48]} 7. c3 {[%clk 0:13:38]} Bd7
{[%clk 0:12:49]} 8. Bxc6 {[%clk 0:11:21]} Bxc6 {[%clk 0:12:49]} 9. Nf3
{[%clk 0:11:02]} b6 {[%clk 0:12:16]} 10. Nd4 {[%clk 0:08:20]} Qd7
{[%clk 0:11:57]} 11. cxb6 {[%clk 0:07:35]} axb4 {[%clk 0:12:01]} 12. O-O
{[%clk 0:07:20]} bxc3 {[%clk 0:11:36]} 13. Nxc3 {[%clk 0:07:14]} Bc5
{[%clk 0:11:36]} 14. Rb1 {[%clk 0:06:48]} Bb7 {[%clk 0:11:18]} 15. Be5
{[%clk 0:04:56]} 1/2-1/2

[Event "M?R 2020 v rapid ?achu druzstev"]
[Site "Turnov"]
[Date "2020.09.13"]
[Round "4.5"]
[White "Pulpan DPP, Jakub"]
[Black "Sokolov PAN_A, Alexander"]
[Result "1/2-1/2"]
[BlackElo "2414"]
[WhiteElo "2493"]
[LiveChessVersion "1.4.8"]

1. Nf3 {[%clk 0:15:08]} Nf6 {[%clk 0:15:08]} 2. b3 {[%clk 0:15:12]} g6
{[%clk 0:15:12]} 3. Bb2 {[%clk 0:15:16]} Bg7 {[%clk 0:15:16]} 4. g3
{[%clk 0:15:20]} O-O {[%clk 0:15:20]} 5. Bg2 {[%clk 0:15:24]} d6 {[%clk 0:15:24]}
6. d4 {[%clk 0:15:28]} Nbd7 {[%clk 0:15:27]} 7. O-O {[%clk 0:15:31]} e5
{[%clk 0:14:57]} 8. dxe5 {[%clk 0:15:35]} Ng4 {[%clk 0:15:00]} 9. c4
{[%clk 0:15:39]} Re8 {[%clk 0:14:08]} 10. Nc3 {[%clk 0:15:43]} dxe5
{[%clk 0:14:08]} 11. Nd2 {[%clk 0:15:08]} Ngf6 {[%clk 0:13:57]} 12. Nde4
{[%clk 0:14:54]} Nxe4 {[%clk 0:13:33]} 13. Nxe4 {[%clk 0:14:57]} Qe7
{[%clk 0:13:22]} 14. Qc1 {[%clk 0:14:43]} Nf6 {[%clk 0:08:36]} 15. Nxf6+
{[%clk 0:14:24]} Bxf6 {[%clk 0:08:36]} 16. Rd1 {[%clk 0:14:22]} e4
{[%clk 0:08:05]} 17. Bxf6 {[%clk 0:13:58]} Qxf6 {[%clk 0:08:09]} 18. Qe3
{[%clk 0:14:01]} Bf5 {[%clk 0:08:00]} 19. Rab1 {[%clk 0:13:24]} b6
{[%clk 0:07:58]} 20. Rd5 {[%clk 0:12:33]} Rad8 {[%clk 0:07:44]} 21. Rbd1
{[%clk 0:10:37]} Rxd5 {[%clk 0:07:48]} 22. cxd5 {[%clk 0:10:41]} Qe5
{[%clk 0:07:51]} 23. Rd4 {[%clk 0:10:09]} a5 {[%clk 0:07:23]} 24. h3
{[%clk 0:09:36]} h5 {[%clk 0:07:22]} 25. Rd1 {[%clk 0:07:10]} 1/2-1/2

[Event "M?R 2020 v rapid ?achu druzstev"]
[Site "Turnov"]
[Date "2020.09.13"]
[Round "4.6"]
[White "Dolezal PAN_A, Radoslav"]
[Black "Kourousis DPP, Epameinondas"]
[Result "1/2-1/2"]
[BlackElo "2418"]
[WhiteElo "2320"]
[LiveChessVersion "1.4.8"]

1. d4 {[%clk 0:15:06]} Nf6 {[%clk 0:15:09]} 2. Bg5 {[%clk 0:15:10]} e6
{[%clk 0:14:58]} 3. e3 {[%clk 0:15:13]} h6 {[%clk 0:15:01]} 4. Bh4
{[%clk 0:15:17]} c5 {[%clk 0:15:05]} 5. c3 {[%clk 0:15:20]} b6 {[%clk 0:14:50]}
6. Qf3 {[%clk 0:15:09]} Nc6 {[%clk 0:14:27]} 7. Bxf6 {[%clk 0:15:13]} Qxf6
{[%clk 0:14:31]} 8. Qxf6 {[%clk 0:15:16]} gxf6 {[%clk 0:14:35]} 9. Nd2
{[%clk 0:15:19]} Bb7 {[%clk 0:14:01]} 10. Ngf3 {[%clk 0:15:23]} d5
{[%clk 0:13:12]} 11. Be2 {[%clk 0:15:18]} Bd6 {[%clk 0:11:28]} 12. g3
{[%clk 0:14:53]} Ke7 {[%clk 0:11:15]} 13. Nh4 {[%clk 0:14:18]} a5
{[%clk 0:08:40]} 14. a4 {[%clk 0:14:05]} Ba6 {[%clk 0:08:18]} 15. Bxa6
{[%clk 0:13:31]} Rxa6 {[%clk 0:08:21]} 16. Kd1 {[%clk 0:11:39]} Rb8
{[%clk 0:08:17]} 17. Kc2 {[%clk 0:11:37]} b5 {[%clk 0:08:14]} 18. axb5
{[%clk 0:11:28]} Rxb5 {[%clk 0:08:17]} 19. Ra4 {[%clk 0:11:31]} Rab6
{[%clk 0:06:48]} 20. Rb1 {[%clk 0:11:29]} Rb8 {[%clk 0:05:53]} 21. Nhf3
{[%clk 0:11:11]} Rc8 {[%clk 0:03:46]} 22. Nb3 {[%clk 0:05:44]} Rcb8
{[%clk 0:03:29]} 23. Nbd2 {[%clk 0:05:08]} Rc8 {[%clk 0:03:32]} 24. Nb3
{[%clk 0:05:11]} 1/2-1/2

[Event "M?R 2020 v rapid ?achu druzstev"]
[Site "Turnov"]
[Date "2020.09.13"]
[Round "4.7"]
[White "Burdalev DPP, Kirill"]
[Black "Postupa PAN_A, Pavel"]
[Result "1-0"]
[BlackElo "2164"]
[WhiteElo "2299"]
[LiveChessVersion "1.4.8"]

1. d4 {[%clk 0:15:06]} Nf6 {[%clk 0:15:07]} 2. Nf3 {[%clk 0:15:10]} g6
{[%clk 0:15:11]} 3. Bf4 {[%clk 0:15:11]} Bg7 {[%clk 0:15:11]} 4. e3
{[%clk 0:14:40]} d6 {[%clk 0:15:14]} 5. h3 {[%clk 0:14:40]} Nbd7 {[%clk 0:15:15]}
6. Be2 {[%clk 0:14:38]} b6 {[%clk 0:15:19]} 7. O-O {[%clk 0:14:33]} Bb7
{[%clk 0:15:17]} 8. a4 {[%clk 0:14:14]} c5 {[%clk 0:15:14]} 9. Bh2
{[%clk 0:14:07]} O-O {[%clk 0:15:13]} 10. Na3 {[%clk 0:13:45]} cxd4
{[%clk 0:14:05]} 11. exd4 {[%clk 0:13:48]} Nd5 {[%clk 0:14:00]} 12. a5
{[%clk 0:13:21]} Rb8 {[%clk 0:12:12]} 13. a6 {[%clk 0:13:12]} Ba8
{[%clk 0:12:15]} 14. Nb5 {[%clk 0:13:16]} Nc7 {[%clk 0:11:17]} 15. Nxa7
{[%clk 0:12:52]} b5 {[%clk 0:11:13]} 16. c3 {[%clk 0:12:34]} Rb6 {[%clk 0:10:59]}
17. d5 {[%clk 0:11:30]} Nb8 {[%clk 0:06:19]} 18. Nd4 {[%clk 0:10:51]} Nbxa6
{[%clk 0:05:52]} 19. Nac6 {[%clk 0:10:17]} Qd7 {[%clk 0:05:30]} 20. Bg4
{[%clk 0:09:31]} f5 {[%clk 0:05:15]} 21. Bf3 {[%clk 0:08:59]} Nb8
{[%clk 0:04:10]} 22. Re1 {[%clk 0:08:31]} Nxc6 {[%clk 0:03:38]} 23. dxc6
{[%clk 0:07:08]} Qd8 {[%clk 0:03:29]} 24. Qb3+ {[%clk 0:07:12]} Kh8
{[%clk 0:03:25]} 25. Rxa8 {[%clk 0:06:21]} Qxa8 {[%clk 0:03:08]} 26. Ne6
{[%clk 0:06:13]} Nxe6 {[%clk 0:03:02]} 27. Qxe6 {[%clk 0:06:16]} Bf6
{[%clk 0:02:31]} 28. Qd5 {[%clk 0:01:22]} Rc8 {[%clk 0:01:25]} 29. Qf7
{[%clk 0:01:13]} Rf8 {[%clk 0:01:06]} 30. Qd5 {[%clk 0:01:17]} Qc8
{[%clk 0:00:59]} 31. Bf4 {[%clk 0:01:09]} b4 {[%clk 0:01:03]} 32. Be3
{[%clk 0:00:28]} Rb8 {[%clk 0:01:06]} 33. Bd4 {[%clk 0:00:17]} e5
{[%clk 0:00:59]} 34. Ba7 {[%clk 0:00:17]} Ra8 {[%clk 0:00:59]} 35. Bb6
{[%clk 0:00:18]} Ra6 {[%clk 0:00:50]} 36. Qb5 {[%clk 0:00:15]} Qa8
{[%clk 0:00:22]} 37. c7 {[%clk 0:00:17]} e4 {[%clk 0:00:27]} 38. Be2
{[%clk 0:00:20]} Ra1 {[%clk 0:00:31]} 39. Rxa1 {[%clk 0:00:15]} Qxa1+
{[%clk 0:00:35]} 40. Bf1 {[%clk 0:00:17]} Qxb2 {[%clk 0:00:35]} 41. Qd7
{[%clk 0:00:15]} bxc3 {[%clk 0:00:32]} 42. c8=Q {[%clk 0:00:18]} Rxc8
{[%clk 0:00:36]} 43. Qxc8+ {[%clk 0:00:23]} Kg7 {[%clk 0:00:40]} 44. Qc7+
{[%clk 0:00:22]} Kh6 {[%clk 0:00:30]} 45. Be3+ {[%clk 0:00:25]} g5
{[%clk 0:00:34]} 46. Qxd6 {[%clk 0:00:25]} Kg6 {[%clk 0:00:38]} 47. Bd4
{[%clk 0:00:15]} c2 {[%clk 0:00:23]} 48. Qxf6+ 1-0